|
|
|
|
| LEADER |
00000nab a2200000 a 4500 |
| 001 |
vtls001496214 |
| 003 |
SK-MaSNL |
| 005 |
20260512084155.0 |
| 008 |
250505c2004 xo 0 slo |
| 015 |
|
|
|a SNBCL2005/2
|
| 035 |
|
|
|a SLK030177
|
| 035 |
|
|
|a urn:nbn:sk:snk-ab6xoq
|
| 035 |
|
|
|a (uuid)a385b9c6-e295-4627-8dca-e7ba46dfe9fb
|
| 035 |
|
|
|a (urnnbn)urn:nbn:sk:snk:ar-a0663o
|
| 035 |
|
|
|a (sysno)vtls001496214
|
| 040 |
|
|
|a SNKBUCL
|b slo
|c SNKBUCL
|e AACR2
|
| 041 |
0 |
|
|a slo
|
| 044 |
|
|
|a xo
|c SK
|
| 080 |
|
|
|a 616.379-008.64:614.25:061.3
|2 1981
|
| 100 |
1 |
|
|a Smatanová, Slávka
|4 aut
|9 71181
|
| 245 |
1 |
0 |
|a Správa z medzinárodného odborného stretnutia "Accu-Chek Diabetes Education Forum" vo Varšave
|c Slávka Smatanová
|
| 300 |
|
|
|b Fotogr.
|
| 611 |
1 |
7 |
|a Accu-Chek Diabetes Education Forum
|e odborné stretnutie
|c Varšava, Poľsko
|d 2004
|2 SNKBUCL
|9 1471289
|
| 650 |
0 |
7 |
|a kongresy
|2 MESH
|9 19200
|
| 650 |
0 |
7 |
|a diabetes mellitus, typ II
|x etiológia
|2 MESH
|9 1471290
|
| 650 |
0 |
7 |
|a výchova a poučenie pacientov
|x metódy
|2 MESH
|9 1074518
|
| 650 |
0 |
7 |
|a strava a stravovanie
|2 MESH
|9 508599
|
| 650 |
0 |
7 |
|a kompliancia pacienta
|2 MESH
|9 1451004
|
| 650 |
0 |
7 |
|a medzinárodná spolupráca
|2 MESH
|9 4911
|
| 773 |
0 |
|
|t Diabetes a obezita
|g Roč. 4, č. 8 (2004), s. 104-105
|x 1335-8383
|
| 850 |
|
|
|a Slovenská národná knižnica
|
| 852 |
|
|
|a Slovenská národná knižnica
|
| 954 |
|
|
|a odborná, vedecká literatúra pôvodná (slovenská)
|2 lita
|
| 958 |
|
|
|a article27
|
| 958 |
|
|
|a OND
|
| 958 |
|
|
|a EUIPO
|
| 999 |
|
|
|c 2938749
|d 2940679
|